V nule useknuté rozdelenia pravdepodobnosti a ich využitie pri opise počtu škôd diplomová práca

Salvato in:
Dettagli Bibliografici
Autore principale: Gajdošová, Slavomíra
Ente Autore: Fakulta hospodárskej informatiky EU. Katedra matematiky a aktuárstva
Altri autori: Slaninka, František, 1973-
Natura: Libro
Lingua:slovacco
Pubblicazione: Bratislava 2019
Tags: Aggiungi Tag
Nessun Tag, puoi essere il primo ad aggiungerne!!

MARC

LEADER 00000nbm a2200000 4500
001 0254180
005 20191023084640.3
041 0 |a slo 
044 |a SK 
245 1 0 |a V nule useknuté rozdelenia pravdepodobnosti a ich využitie pri opise počtu škôd  |b diplomová práca  |c Slavomíra Gajdošová ; školiteľ: František Slaninka 
264 1 |a Bratislava  |c 2019 
300 |a 67 s. 
100 1 |a Gajdošová, Slavomíra 
700 1 |a Slaninka, František, 1973- 
710 2 |a Fakulta hospodárskej informatiky EU. Katedra matematiky a aktuárstva